The klone and I (Record no. 1920)

MARC details
000 -LEADER
fixed length control field 00570nam a22002057a 4500
005 - DATE AND TIME OF LATEST TRANSACTION
control field 20230321070915.0
008 - FIXED-LENGTH DATA ELEMENTS--GENERAL INFORMATION
fixed length control field 230321b |||||||| |||| 00| 0 eng d
020 ## - INTERNATIONAL STANDARD BOOK NUMBER
International Standard Book Number 0-552-14637-4
082 ## - DEWEY DECIMAL CLASSIFICATION NUMBER
Classification number Fic. St813k 1998
100 ## - MAIN ENTRY--PERSONAL NAME
Personal name Steel, Danielle
Relator term author
245 ## - TITLE STATEMENT
Title The klone and I
Statement of responsibility, etc. Danielle Steel
260 ## - PUBLICATION, DISTRIBUTION, ETC.
Place of publication, distribution, etc. London:
Name of publisher, distributor, etc. Cogi Books,
Date of publication, distribution, etc. c1998
300 ## - PHYSICAL DESCRIPTION
Extent 302p.
541 ## - IMMEDIATE SOURCE OF ACQUISITION NOTE
Accession number 5548
650 ## - SUBJECT ADDED ENTRY--TOPICAL TERM
Topical term or geographic name entry element Cloning - New York (State) - Fiction
650 ## - SUBJECT ADDED ENTRY--TOPICAL TERM
Topical term or geographic name entry element Impersonation - Fiction
650 ## - SUBJECT ADDED ENTRY--TOPICAL TERM
Topical term or geographic name entry element Bionics - Fiction
650 ## - SUBJECT ADDED ENTRY--TOPICAL TERM
Topical term or geographic name entry element Love stories
650 ## - SUBJECT ADDED ENTRY--TOPICAL TERM
Topical term or geographic name entry element Divorced women - Fiction
Holdings
Withdrawn status Lost status Source of classification or shelving scheme Damaged status Not for loan Home library Current library Date acquired Total Checkouts Full call number Barcode Date last seen Copy number Price effective from Koha item type
    Dewey Decimal Classification     ctu-moalboal ctu-moalboal 12/03/2018   Fic. St813k 1998 5548 03/21/2023 1 03/21/2023 Books-Fiction